[Event "SR 4. liga A21 2008/2009"]
[Site "?"]
[Date "2009.01.04"]
[Round "6.5"]
[White "Lanik, Miroslav"]
[Black "Brisudova, Veronika"]
[Result "1/2-1/2"]
[WhiteElo "1702"]
[BlackElo "1777"]
[PlyCount "84"]
[EventDate "2008.??.??"]

1. e4 c5 2. Nf3 d6 3. d4 cxd4 4. Nxd4 Nf6 5. Nc3 a6 6. Bg5 e6 7. f4 Be7 8. Qf3
Nbd7 9. O-O-O Qc7 10. Bd3 h6 11. Bxf6 Bxf6 12. Nde2 b5 13. e5 Bb7 14. Be4 d5
15. exf6 Nxf6 16. Bd3 b4 17. Na4 Bc6 18. Nc5 Bb5 19. Nb3 O-O 20. g4 Bc4 21. h4
Rfc8 22. Ned4 a5 23. g5 Ne4 24. gxh6 Bxd3 25. Rxd3 gxh6 26. Qg2+ Kh7 27. Rf1 a4
28. Nd2 Rg8 29. Qf3 Rg3 30. Qe2 Rag8 31. Nxe4 dxe4 32. Qxe4+ f5 33. Qc6 Qxc6
34. Nxc6 Rxd3 35. cxd3 Rc8 36. Kd2 Rxc6 37. h5 Rc7 38. Rg1 Re7 39. d4 Rd7 40.
Kd3 Rc7 41. Rg6 a3 42. bxa3 Rc3+ 1/2-1/2

[Event "SR 4. liga A21 2008/2009"]
[Site "?"]
[Date "2009.01.04"]
[Round "6.5"]
[White "Turza, Marian"]
[Black "Harasta, Marian"]
[Result "0-1"]
[WhiteElo "1350"]
[BlackElo "1648"]
[PlyCount "42"]
[EventDate "2008.??.??"]

1. e4 c5 2. Nf3 Nc6 3. d4 d5 4. exd5 Qxd5 5. Nc3 Qd6 6. Nb5 Qd8 7. Bf4 e5 8.
dxe5 Bf5 9. c3 Be6 10. Nd6+ Bxd6 11. Qxd6 Qxd6 12. exd6 O-O-O 13. Bb5 Nb8 14.
O-O a6 15. Ba4 b5 16. Bb3 c4 17. Bc2 h6 18. b3 g5 19. Nd4 gxf4 20. Nxe6 fxe6
21. Rad1 Nf6 0-1

[Event "SR 4. liga A21 2008/2009"]
[Site "?"]
[Date "2009.01.04"]
[Round "6.6"]
[White "Fidericky, Milan"]
[Black "Manak, Adrian"]
[Result "1-0"]
[WhiteElo "1866"]
[BlackElo "1637"]
[PlyCount "43"]
[EventDate "2008.??.??"]

1. Nf3 d5 2. d4 Nf6 3. c4 c6 4. Nc3 dxc4 5. e3 b5 6. a4 Nd5 7. Nxd5 Qxd5 8. Be2
Bf5 9. Bd2 e6 10. O-O Bd6 11. Qe1 h6 12. Ne5 Bxe5 13. dxe5 Bd3 14. Bc3 Bxe2 15.
Qxe2 O-O 16. Rfd1 Qe4 17. Rd4 Qxe5 18. Rg4 Qd6 19. Rxg7+ Kh8 20. Qh5 e5 21.
Bxe5 Qe6 22. Rg6+ 1-0

[Event "SR 4. liga A21 2008/2009"]
[Site "?"]
[Date "2009.01.04"]
[Round "6.6"]
[White "Gasa, Patrik"]
[Black "Sedlak, Rastislav"]
[Result "1-0"]
[WhiteElo "1350"]
[BlackElo "1590"]
[PlyCount "65"]
[EventDate "2008.??.??"]

1. e4 e5 2. Nf3 Nc6 3. Bc4 Nf6 4. d3 Bc5 5. O-O h6 6. h3 O-O 7. Nc3 d6 8. Be3
Bxe3 9. fxe3 a6 10. Nd5 Na5 11. Nxf6+ Qxf6 12. Bb3 Nxb3 13. axb3 Qg6 14. Kh2 c5
15. Nh4 Qg5 16. Nf5 Bxf5 17. exf5 Qxe3 18. Ra4 Qg5 19. f6 h5 20. h4 Qh6 21. g4
b5 22. Re4 gxf6 23. gxh5 Kh7 24. Rf5 Rg8 25. Qf3 Rg7 26. Rxf6 Qd2+ 27. Re2 Qd1
28. h6 Qg1+ 29. Kh3 Rg6 30. Rxg6 fxg6 31. Qxa8 Qf1+ 32. Qg2 Qf5+ 33. Qg4 1-0

[Event "SR 4. liga A21 2008/2009"]
[Site "?"]
[Date "2009.01.04"]
[Round "6.6"]
[White "Orvisky, Vladimir"]
[Black "Zisek, Jaroslav"]
[Result "1/2-1/2"]
[WhiteElo "1903"]
[BlackElo "1895"]
[PlyCount "46"]
[EventDate "2008.??.??"]

1. c4 c5 2. Nf3 Nf6 3. Nc3 d5 4. cxd5 Nxd5 5. g3 Nc6 6. Bg2 Nc7 7. d3 e5 8. Qb3
Be7 9. O-O Rb8 10. Nd2 Be6 11. Qa4 Bd7 12. f4 a6 13. fxe5 Nxe5 14. Qf4 f6 15.
Nc4 Nxc4 16. dxc4 O-O 17. Nd5 Ne6 18. Qh4 Bd6 19. Rd1 Be8 20. Nf4 Qe7 21. Nd5
Qd8 22. Nf4 Qe7 23. Nd5 Qd8 1/2-1/2

[Event "SR 4. liga A21 2008/2009"]
[Site "?"]
[Date "2009.01.04"]
[Round "6.6"]
[White "Palka, Miroslav"]
[Black "Curidlo, Jan"]
[Result "1/2-1/2"]
[WhiteElo "1964"]
[BlackElo "1979"]
[PlyCount "116"]
[EventDate "2008.??.??"]

1. c4 e5 2. Nc3 Nf6 3. e4 c6 4. d4 exd4 5. Qxd4 c5 6. Qd1 d6 7. g3 Nc6 8. Bg2
Be6 9. b3 a6 10. Nge2 Be7 11. O-O O-O 12. h3 Qc7 13. Be3 Rfd8 14. Nf4 Rab8 15.
a4 Ne8 16. Ncd5 Bxd5 17. Nxd5 Qd7 18. Qd2 Bf8 19. f4 Nc7 20. Rad1 Nxd5 21. Qxd5
Qe6 22. Qd2 g6 23. f5 Qe5 24. fxg6 hxg6 25. Qf2 Qg7 26. Bg5 Re8 27. Bf6 Qh7 28.
Ba1 Ne5 29. Rd5 b6 30. Qf4 Bh6 31. Qf2 Bf8 32. g4 Re6 33. Qf4 Rbe8 34. g5 Nc6
35. h4 Nd8 36. Re1 Bg7 37. Bxg7 Qxg7 38. Rxd6 Qc3 39. Qd2 Qxd2 40. Rxd2 Nc6 41.
Rd7 Nd4 42. Re3 R6e7 43. Rxe7 Rxe7 44. Rd3 a5 45. Kf2 Kg7 46. Kg3 Re6 47. Bf3
f6 48. gxf6+ Kxf6 49. Kf4 Re5 50. Bg4 Re8 51. Rh3 Re7 52. Re3 Re5 53. Bc8 Nc2
54. Rd3 Nd4 55. Bb7 g5+ 56. hxg5+ Rxg5 57. Rh3 Ne6+ 58. Ke3 Ke5 1/2-1/2

[Event "SR 4. liga A21 2008/2009"]
[Site "?"]
[Date "2009.01.04"]
[Round "6.6"]
[White "Siska, Michal"]
[Black "Havlicek, Peter"]
[Result "1/2-1/2"]
[WhiteElo "1628"]
[BlackElo "1684"]
[PlyCount "94"]
[EventDate "2008.??.??"]

1. c4 e5 2. Nc3 d6 3. g3 c6 4. Bg2 Nf6 5. d3 Be7 6. Nf3 O-O 7. O-O Bg4 8. h3
Bh5 9. g4 Bg6 10. Nh4 Nbd7 11. Nxg6 hxg6 12. b4 a6 13. a4 Rb8 14. a5 d5 15. Qb3
d4 16. Na4 Qc7 17. f4 exf4 18. Bxf4 Bd6 19. Bxd6 Qxd6 20. Nb6 Nxb6 21. axb6 c5
22. bxc5 Qxc5 23. Rab1 Qe5 24. Rf2 g5 25. Rbf1 Kh7 26. Qb4 Kh6 27. Qd2 Rfe8 28.
Re1 Qe3 29. Qxe3 dxe3 30. Rf5 Re7 31. Ra1 Nd7 32. Raa5 Nxb6 33. Rxg5 g6 34.
Rge5 Rbe8 35. Rxe7 Rxe7 36. h4 f6 37. g5+ Kg7 38. gxf6+ Kxf6 39. Rg5 Nc8 40.
Be4 Rg7 41. Rd5 b6 42. Rd8 Rc7 43. Rf8+ Kg7 44. Rf3 Nd6 45. Rxe3 Re7 46. Kf2
Nxe4+ 47. dxe4 Rc7 1/2-1/2

[Event "SR 4. liga A21 2008/2009"]
[Site "?"]
[Date "2009.01.18"]
[Round "7.1"]
[White "Curidlo, Jan"]
[Black "Pagerka, Slavomir"]
[Result "1-0"]
[WhiteElo "1979"]
[BlackElo "1848"]
[PlyCount "149"]
[EventDate "2008.??.??"]

1. c4 e5 2. Nc3 Nf6 3. Nf3 Nc6 4. d3 Be7 5. e3 O-O 6. Be2 d5 7. cxd5 Nxd5 8.
O-O Be6 9. a3 f6 10. Qc2 Na5 11. Nd2 Nc6 12. Bf3 Nxc3 13. Qxc3 Bd5 14. Be2 f5
15. b4 Bf6 16. e4 fxe4 17. dxe4 Be6 18. Nf3 Qe7 19. Be3 Qf7 20. Rad1 a6 21. Rd2
Rfd8 22. Rfd1 Rxd2 23. Rxd2 h6 24. h3 Kh8 25. Kf1 Qg8 26. Ne1 Rd8 27. Nc2 Rxd2
28. Qxd2 Bc4 29. f3 Bxe2+ 30. Kxe2 Qf7 31. Ne1 Bh4 32. Bf2 Bg5 33. Qc2 Qd7 34.
Qd3 Qe6 35. Qc2 Be7 36. Kf1 Bd6 37. Nd3 Ne7 38. Be3 b6 39. Kf2 Nc8 40. Nc1 Na7
41. Qa4 Qc8 42. Qb3 Qd7 43. a4 Nc6 44. b5 Na5 45. Qd3 axb5 46. axb5 Qe6 47. Qd5
Qxd5 48. exd5 Nc4 49. Na2 Na3 50. Nc3 Bb4 51. Bd2 Bxc3 52. Bxc3 Nxb5 53. Bxe5
Nd6 54. Ke2 Kg8 55. Kd3 Kf7 56. g4 g6 57. f4 h5 58. Kd4 hxg4 59. hxg4 Ke7 60.
Kd3 Kd7 61. Bf6 Nf7 62. Kd4 c6 63. dxc6+ Kxc6 64. Ke4 Kd6 65. Bc3 Nh6 66. Kf3
Kd5 67. Bg7 Nf7 68. Ke3 b5 69. Kd3 Nd6 70. Bc3 Ne4 71. Be1 Nc5+ 72. Ke3 b4 73.
Bxb4 Ne4 74. Bf8 Nf6 75. Kf3 1-0

[Event "SR 4. liga A21 2008/2009"]
[Site "?"]
[Date "2009.01.18"]
[Round "7.1"]
[White "Manak, Adrian"]
[Black "Nemeckayova, Monika"]
[Result "1-0"]
[WhiteElo "1637"]
[BlackElo "1505"]
[PlyCount "57"]
[EventDate "2008.??.??"]

1. d4 Nf6 2. c4 e6 3. Nc3 Bb4 4. Bg5 d5 5. Nf3 Nbd7 6. e3 O-O 7. Be2 dxc4 8.
O-O Bxc3 9. bxc3 b5 10. a4 c6 11. Qb1 Qb6 12. e4 Bb7 13. Nd2 Rad8 14. e5 h6 15.
Bxf6 gxf6 16. exf6 Nxf6 17. Nf3 Kh8 18. Qc1 Kh7 19. Rb1 Qa6 20. Ne5 Nd5 21. Ng4
h5 22. Qh6+ Kg8 23. Qg5+ Kh7 24. Qxh5+ Kg7 25. Qh6+ Kg8 26. Bf3 f6 27. Qg6+ Kh8
28. Bxd5 exd5 29. Nxf6 1-0

[Event "SR 4. liga A21 2008/2009"]
[Site "?"]
[Date "2009.01.18"]
[Round "7.1"]
[White "Nemeckay, Rastislav"]
[Black "Orvisky, Vladimir"]
[Result "1/2-1/2"]
[WhiteElo "1749"]
[BlackElo "1903"]
[PlyCount "51"]
[EventDate "2008.??.??"]

1. e4 Nf6 2. Nc3 e5 3. Bc4 Be7 4. d3 d6 5. f4 exf4 6. Bxf4 Bg4 7. Nge2 c6 8.
Qd2 a5 9. a4 Nbd7 10. O-O Be6 11. Bxe6 fxe6 12. d4 O-O 13. Ng3 Qb6 14. Kh1 Rf7
15. Be3 Qc7 16. Rf3 Raf8 17. Raf1 Ng4 18. Rxf7 Rxf7 19. Rxf7 Kxf7 20. Bg1 Ngf6
21. Be3 Nb6 22. b3 Kg8 23. Nd1 Nbd7 24. c4 d5 25. e5 Ne8 26. c5 1/2-1/2

[Event "SR 4. liga A21 2008/2009"]
[Site "?"]
[Date "2009.01.18"]
[Round "7.1"]
[White "Ochotnicky, Eduard"]
[Black "Nemeckay, Dominik"]
[Result "1-0"]
[WhiteElo "1476"]
[BlackElo "1416"]
[PlyCount "67"]
[EventDate "2008.??.??"]

1. e4 e5 2. Nf3 Nc6 3. Bc4 Bc5 4. d3 Nf6 5. Bg5 d6 6. h3 Be6 7. Bxe6 fxe6 8.
Nc3 O-O 9. Qd2 Qe7 10. O-O-O Bb4 11. h4 a5 12. a3 Bxa3 13. bxa3 Rab8 14. Nb5
Qd7 15. h5 Nd8 16. Qxa5 Nf7 17. h6 gxh6 18. Bxf6 c6 19. Nc3 Ra8 20. Qb4 d5 21.
Rh3 Qc7 22. Rg3+ Ng5 23. Qe7 Qxe7 24. Bxe7 Rf7 25. Bxg5 hxg5 26. Rxg5+ Kh8 27.
Rxe5 Rd7 28. Rxe6 Rxa3 29. Kd2 b5 30. Rxc6 b4 31. Nxd5 Rb7 32. Nh4 Ra2 33. Nf5
b3 34. Rc8# 1-0

[Event "SR 4. liga A21 2008/2009"]
[Site "?"]
[Date "2009.01.18"]
[Round "7.1"]
[White "Tokoly, Daniel"]
[Black "Siska, Michal"]
[Result "0-1"]
[WhiteElo "1494"]
[BlackElo "1628"]
[PlyCount "88"]
[EventDate "2008.??.??"]

1. e4 e6 2. d4 d5 3. e5 c5 4. c3 Nc6 5. Nf3 b6 6. Bb5 Bd7 7. O-O Nge7 8. Bg5
Qc7 9. Nbd2 h6 10. Be3 a6 11. Ba4 Nf5 12. Bc2 g6 13. Nb3 c4 14. Nbd2 Be7 15.
Re1 Nxe3 16. fxe3 h5 17. e4 O-O-O 18. exd5 exd5 19. b3 Na5 20. b4 Nb7 21. Ba4
Be6 22. b5 a5 23. Bc2 g5 24. Rf1 g4 25. Ne1 Bg5 26. Bf5 Rdf8 27. a4 Qd7 28.
Bxe6 fxe6 29. Rxf8+ Rxf8 30. Qe2 Qf7 31. Nc2 Qg6 32. Ne3 Qh6 33. Re1 Bh4 34.
Rf1 Nd8 35. Rxf8 Qxf8 36. Qf1 Qa3 37. Ndxc4 dxc4 38. Qxc4+ Kb7 39. d5 Qc5 40.
Qxc5 bxc5 41. d6 Be1 42. c4 Bc3 43. h3 gxh3 44. g4 Bd4 0-1

[Event "SR 4. liga A21 2008/2009"]
[Site "?"]
[Date "2009.01.18"]
[Round "7.2"]
[White "Beran, Jan st"]
[Black "Harastova, Viera"]
[Result "1/2-1/2"]
[WhiteElo "1680"]
[BlackElo "1658"]
[PlyCount "72"]
[EventDate "2008.??.??"]

1. d4 d5 2. c4 e6 3. Nc3 Nf6 4. Nf3 b6 5. e3 Bb7 6. Be2 dxc4 7. Bxc4 Nbd7 8.
O-O Be7 9. Be2 O-O 10. Bd2 c5 11. dxc5 Nxc5 12. a3 Rc8 13. Rc1 Nfe4 14. Nxe4
Nxe4 15. Rxc8 Qxc8 16. Qc1 Nxd2 17. Nxd2 Bf6 18. b3 Qd7 19. Rd1 Rc8 20. Nc4 Qc7
21. Qb1 Bd5 22. e4 Bxc4 23. Bxc4 Qc5 24. a4 Bd4 25. Qc2 Be5 26. Qd2 Qc7 27. g3
Bf6 28. Qd7 Qxd7 29. Rxd7 a5 30. f4 Kf8 31. f5 exf5 32. exf5 Rc5 33. Rxf7+ Ke8
34. Rb7 Rxf5 35. Kg2 Bd4 36. Bb5+ Kf8 1/2-1/2

[Event "SR 4. liga A21 2008/2009"]
[Site "?"]
[Date "2009.01.18"]
[Round "7.2"]
[White "Brisudova, Veronika"]
[Black "Havlicek, Peter"]
[Result "0-1"]
[WhiteElo "1777"]
[BlackElo "1684"]
[PlyCount "62"]
[EventDate "2008.??.??"]

1. e4 e6 2. d4 d5 3. Nd2 dxe4 4. Nxe4 Nf6 5. Bg5 Be7 6. Bxf6 Bxf6 7. Nf3 Nc6 8.
c3 O-O 9. Bd3 h6 10. Bc2 g6 11. h4 Bg7 12. Qd3 e5 13. d5 Ne7 14. O-O-O f5 15.
Qc4 b5 16. Qb3 Kh8 17. d6 Ng8 18. dxc7 Qxc7 19. Nd6 b4 20. Ng5 bxc3 21. Ndf7+
Rxf7 22. Nxf7+ Kh7 23. Ng5+ Kh8 24. Ne6 cxb2+ 25. Kxb2 Bxe6 26. Qxe6 Nf6 27. h5
Rc8 28. Rd2 Ne4 29. Rd8+ Rxd8 30. Bxe4 fxe4 31. a3 Rc8 0-1

[Event "SR 4. liga A21 2008/2009"]
[Site "?"]
[Date "2009.01.18"]
[Round "7.2"]
[White "Fidericky, Milan"]
[Black "Harasta, Juraj"]
[Result "0-1"]
[WhiteElo "1866"]
[BlackElo "1628"]
[PlyCount "68"]
[EventDate "2008.??.??"]

1. d4 d5 2. c4 e6 3. Nc3 Nf6 4. Bg5 Nbd7 5. Nf3 Bd6 6. e3 O-O 7. Rc1 c6 8. Bd3
Re8 9. O-O Nf8 10. h3 Ng6 11. Qb3 h6 12. Bxf6 Qxf6 13. c5 Bc7 14. Nb5 cxb5 15.
Bxb5 Rd8 16. c6 bxc6 17. Rxc6 Bb6 18. Rfc1 Bd7 19. R6c2 Bxb5 20. Qxb5 Qe7 21.
a4 Rdb8 22. Qa6 Qd7 23. a5 Bd8 24. b4 Qb5 25. Qd6 Be7 26. Qg3 Qxb4 27. h4 Bd6
28. Qg4 Ne7 29. h5 Rc8 30. Rxc8+ Rxc8 31. Rf1 Qb2 32. g3 Rc1 33. Nh4 Rxf1+ 34.
Kxf1 Qb1+ 0-1

[Event "SR 4. liga A21 2008/2009"]
[Site "?"]
[Date "2009.01.18"]
[Round "7.2"]
[White "Harasta, Marian"]
[Black "Gasa, Patrik"]
[Result "1-0"]
[WhiteElo "1648"]
[BlackElo "1350"]
[PlyCount "52"]
[EventDate "2008.??.??"]

1. d4 d5 2. c4 c6 3. Nc3 Nf6 4. Nf3 e6 5. e3 Bd6 6. Bd3 O-O 7. Qc2 h6 8. O-O
Nbd7 9. Re1 e5 10. cxd5 exd4 11. exd4 cxd5 12. Ne5 Re8 13. Bf4 a6 14. g3 Nf8
15. Re2 Ng4 16. Rae1 Nxe5 17. Bxe5 Bxe5 18. Rxe5 Be6 19. Nxd5 f6 20. Rh5 Bg4
21. Rxe8 Qxe8 22. Rxh6 Qe1+ 23. Kg2 gxh6 24. Nxf6+ Kg7 25. Nxg4 Qe7 26. Qc3 Kg8
1-0

[Event "SR 4. liga A21 2008/2009"]
[Site "?"]
[Date "2009.01.18"]
[Round "7.2"]
[White "Vepy, Ivan"]
[Black "Zisek, Jaroslav"]
[Result "1-0"]
[WhiteElo "1941"]
[BlackElo "1895"]
[PlyCount "53"]
[EventDate "2008.??.??"]

1. e4 c5 2. Nf3 Nc6 3. d4 cxd4 4. Nxd4 Nf6 5. Nc3 e6 6. Be2 a6 7. Bg5 Be7 8.
Qd2 Qc7 9. O-O-O b5 10. f4 b4 11. Na4 Nxe4 12. Qe3 Nxg5 13. fxg5 Qa5 14. Qb3
Bxg5+ 15. Kb1 Bf6 16. Nxc6 dxc6 17. Bf3 Bd7 18. Rd6 Rc8 19. Rhd1 Rc7 20. Rxd7
Rxd7 21. Bxc6 O-O 22. Rxd7 Rc8 23. Bf3 Qb5 24. Rd1 g6 25. Rd3 Qe5 26. Nb6 Rc7
27. Nd7 1-0

[Event "SR 4. liga A21 2008/2009"]
[Site "?"]
[Date "2009.01.18"]
[Round "7.3"]
[White "Barcaj, Jaroslav"]
[Black "Bjel, Jan"]
[Result "1/2-1/2"]
[WhiteElo "1605"]
[BlackElo "1703"]
[PlyCount "48"]
[EventDate "2008.??.??"]

1. b4 e6 2. Bb2 Nf6 3. a3 c5 4. b5 d5 5. c4 Bd7 6. e3 a6 7. a4 Be7 8. Nf3 O-O
9. Be2 Ne4 10. O-O dxc4 11. Bxc4 axb5 12. axb5 Rxa1 13. Bxa1 Nd6 14. Qb3 b6 15.
d3 Bc8 16. Nbd2 Bb7 17. e4 Nxc4 18. Qxc4 Nd7 19. Ne5 Nxe5 20. Bxe5 Qd7 21. Nf3
Ra8 22. Ra1 Qd8 23. Rxa8 Qxa8 24. Bb2 Qa5 1/2-1/2

[Event "SR 4. liga A21 2008/2009"]
[Site "?"]
[Date "2009.01.18"]
[Round "7.3"]
[White "Bjel, Tomas"]
[Black "Bendzela, Tibor"]
[Result "1-0"]
[WhiteElo "1623"]
[BlackElo "1477"]
[PlyCount "90"]
[EventDate "2008.??.??"]

1. e4 d5 2. e5 Nc6 3. d4 h6 4. Nf3 Bg4 5. Be3 e6 6. a3 Nge7 7. h3 Bh5 8. Bd3 g5
9. Nbd2 Bg7 10. c3 Nf5 11. g4 Nxe3 12. fxe3 Bg6 13. Qc2 Bxd3 14. Qxd3 Qd7 15.
b4 f5 16. exf6 Bxf6 17. Rf1 O-O-O 18. Nb3 Qd6 19. Nc5 Nb8 20. Qb5 b6 21. Rb1
bxc5 22. bxc5 Qg3+ 23. Ke2 h5 24. Qxb8+ Kd7 25. Qb5+ Ke7 26. Nd2 hxg4 27. hxg4
Qxg4+ 28. Kd3 Rb8 29. Qc6 Rxb1 30. Qxc7+ Ke8 31. Rxb1 Qf5+ 32. e4 dxe4+ 33.
Nxe4 Rh3+ 34. Kd2 Rh2+ 35. Qxh2 Qxe4 36. Rb8+ Kf7 37. Qc7+ Kg6 38. Rg8+ Kh5 39.
Qh2+ Kg4 40. Qe2+ Kf5 41. Qxe4+ Kxe4 42. c6 e5 43. c7 exd4 44. cxd4 Bxd4 45.
c8=Q Be3+ 1-0

[Event "SR 4. liga A21 2008/2009"]
[Site "?"]
[Date "2009.01.18"]
[Round "7.3"]
[White "Blatnicky, Miroslav"]
[Black "Palka, Martin"]
[Result "1-0"]
[WhiteElo "2107"]
[BlackElo "1931"]
[PlyCount "67"]
[EventDate "2008.??.??"]

1. e4 c5 2. Nf3 d6 3. d4 cxd4 4. Nxd4 Nf6 5. Nc3 a6 6. Bg5 e6 7. f4 Nbd7 8. Qf3
Qc7 9. O-O-O b5 10. Bxf6 Nxf6 11. e5 Bb7 12. Qg3 dxe5 13. fxe5 Nd5 14. Ne4 Qa5
15. Qb3 Nb4 16. Nc3 Nd5 17. Ncxb5 axb5 18. Bxb5+ Kd8 19. Bc6 Qxa2 20. Qxa2 Rxa2
21. Bxb7 Ra1+ 22. Kd2 Ra2 23. Bxd5 exd5 24. Kc3 Kd7 25. Ra1 Rxa1 26. Rxa1 Bc5
27. Kd3 Rb8 28. b3 Rc8 29. c3 Re8 30. b4 Bb6 31. Rf1 Ke7 32. Nf5+ Kf8 33. Nd6
Re7 34. Nc8 1-0

[Event "SR 4. liga A21 2008/2009"]
[Site "?"]
[Date "2009.01.18"]
[Round "7.3"]
[White "Krchnak, Rudolf"]
[Black "Lanik, Miroslav"]
[Result "1/2-1/2"]
[WhiteElo "1930"]
[BlackElo "1702"]
[PlyCount "46"]
[EventDate "2008.??.??"]

1. d4 d5 2. Nc3 Nf6 3. Bg5 Nbd7 4. Nf3 c6 5. e3 e6 6. a3 Bd6 7. Bd3 Qc7 8. Bh4
b6 9. Bg3 e5 10. dxe5 Nxe5 11. Nxe5 Bxe5 12. Bxe5 Qxe5 13. Qe2 O-O 14. O-O-O
Re8 15. Rde1 Bf5 16. Bxf5 Qxf5 17. Qf3 Qxf3 18. gxf3 Re7 19. Ne2 Rae8 20. c3
Nd7 21. Kc2 Ne5 22. f4 Ng4 23. Ref1 Nf6 1/2-1/2

[Event "SR 4. liga A21 2008/2009"]
[Site "?"]
[Date "2009.01.18"]
[Round "7.3"]
[White "Tokos, Rastislav"]
[Black "Lanyi, Frantisek"]
[Result "1-0"]
[WhiteElo "1931"]
[BlackElo "1743"]
[PlyCount "129"]
[EventDate "2008.??.??"]

1. e4 e5 2. Nf3 Nc6 3. Bb5 a6 4. Bxc6 bxc6 5. d4 exd4 6. Qxd4 Nf6 7. Bg5 Be7 8.
e5 Nd5 9. Bxe7 Qxe7 10. O-O O-O 11. Nbd2 d6 12. Rfe1 Be6 13. Rad1 c5 14. exd6
Qxd6 15. Qe5 Nb4 16. Qxd6 cxd6 17. Ng5 Bf5 18. Nc4 d5 19. Nb6 Rad8 20. c3 Nd3
21. Re2 h6 22. Nf3 Rd6 23. Na4 c4 24. Nd4 Bd7 25. b3 Bxa4 26. bxa4 Nc5 27. Nf5
Nxa4 28. Nxd6 Nxc3 29. Red2 Nxd1 30. Rxd1 Rd8 31. Nxc4 f6 32. Ne3 d4 33. Nf5 d3
34. Ne7+ Kf7 35. Nc6 Rc8 36. Nb4 d2 37. Kf1 Rc4 38. Nxa6 Ra4 39. Rxd2 Rxa6 40.
Ke2 g5 41. Kd1 Ke6 42. Kc1 f5 43. Kb1 Rb6+ 44. Rb2 Ra6 45. Rb4 f4 46. a4 Kd5
47. Kc2 Kc5 48. Kc3 Kd5 49. f3 Rc6+ 50. Kd3 Re6 51. Rd4+ Kc5 52. Re4 Rd6+ 53.
Kc3 Rd1 54. Re5+ Kd6 55. Re2 Kc5 56. Ra2 Rc1+ 57. Kd3 Kd5 58. a5 Rc7 59. a6 Ra7
60. Ra5+ Kd6 61. Kd4 Ke6 62. Kc5 Kd7 63. Kb6 Rc7 64. a7 Rc6+ 65. Kb5 1-0

[Event "SR 4. liga A21 2008/2009"]
[Site "?"]
[Date "2009.01.18"]
[Round "7.4"]
[White "Damborsky, Pavol"]
[Black "Jozefek, Michal"]
[Result "0-1"]
[WhiteElo "1664"]
[BlackElo "1896"]
[PlyCount "122"]
[EventDate "2008.??.??"]

1. c4 e5 2. Nc3 Nf6 3. g3 Nc6 4. Bg2 Be7 5. e3 d6 6. Nge2 Bf5 7. d3 Qd7 8. O-O
Bh3 9. f3 h5 10. Rf2 O-O-O 11. a3 Bxg2 12. Rxg2 h4 13. g4 d5 14. cxd5 Nxd5 15.
d4 h3 16. Rf2 Nb6 17. Qb3 Bh4 18. Ng3 Bxg3 19. hxg3 exd4 20. Ne4 dxe3 21. Bxe3
Qd3 22. Qxd3 Rxd3 23. Bxb6 axb6 24. Kh2 Ne5 25. Raf1 f6 26. g5 f5 27. Nc3 g6
28. Ne2 Rb3 29. Nf4 c5 30. Nxh3 Nd3 31. Re2 Rxb2 32. Rxb2 Nxb2 33. Kg2 Nc4 34.
Re1 Kd7 35. Nf4 Re8 36. Rxe8 Kxe8 37. Nxg6 Kf7 38. Nf4 Nxa3 39. Kf2 b5 40. Ke2
b4 41. Nd3 b3 42. Kd2 c4 43. Nb2 b5 44. Kc3 Nb1+ 45. Kb4 c3 46. Kxb3 cxb2 47.
Kxb2 Nd2 48. f4 Nf1 49. Kc3 Nxg3 50. Kb4 Ne2 51. Kxb5 Nxf4 52. Kc5 Kg6 53. Kd4
Kxg5 54. Ke3 Kg4 55. Kf2 Ne6 56. Kg2 Ng5 57. Kf2 Kf4 58. Kg2 Ke3 59. Kf1 f4 60.
Ke1 f3 61. Kf1 f2 0-1

[Event "SR 4. liga A21 2008/2009"]
[Site "?"]
[Date "2009.01.18"]
[Round "7.4"]
[White "Danada, Ondrej"]
[Black "Cerovsky, Marian"]
[Result "1-0"]
[WhiteElo "1891"]
[BlackElo "1805"]
[PlyCount "91"]
[EventDate "2008.??.??"]

1. e4 e5 2. Nf3 Nc6 3. d4 exd4 4. Bc4 Bb4+ 5. c3 dxc3 6. bxc3 Bd6 7. O-O Nge7
8. Ng5 Ne5 9. Bb3 h6 10. f4 hxg5 11. fxe5 Bc5+ 12. Kh1 O-O 13. Qh5 Qe8 14. Qxg5
d6 15. exd6 Bxd6 16. Be3 Nc6 17. Nd2 Qe5 18. Qxe5 Bxe5 19. Bc5 Rd8 20. Rxf7 Kh7
21. Nf3 Bxc3 22. Rc1 Bf6 23. Rxc7 Rd7 24. Rxd7 Bxd7 25. Rd1 Bg4 26. h3 Bh5 27.
Rd7 b6 28. Bd6 Be8 29. Rc7 Bd8 30. Rb7 a6 31. Bd5 Kh6 32. e5 Rc8 33. Be6 Ra8
34. Bf8 Ra7 35. Bxg7+ Kg6 36. Rxa7 Nxa7 37. Bf8 Nc6 38. Bd6 b5 39. g4 a5 40. h4
Ne7 41. h5+ Kh6 42. Kg2 Bc6 43. Kg3 b4 44. g5+ Kh7 45. Nd4 Nd5 46. Nxc6 1-0

[Event "SR 4. liga A21 2008/2009"]
[Site "?"]
[Date "2009.01.18"]
[Round "7.4"]
[White "Danada, Tomas"]
[Black "Blanarik, Dominik"]
[Result "1/2-1/2"]
[WhiteElo "1508"]
[BlackElo "1565"]
[PlyCount "99"]
[EventDate "2008.??.??"]

1. e4 d6 2. d4 Nf6 3. Nc3 g6 4. Be3 Bg7 5. f3 O-O 6. Qd2 Nc6 7. Bc4 a6 8. g4 b5
9. Bb3 Bb7 10. Bh6 e6 11. h4 Ne7 12. h5 d5 13. hxg6 fxg6 14. Bxg7 Kxg7 15. Qh6+
Kf7 16. e5 Nfg8 17. Qxh7+ Ke8 18. Nce2 Rf7 19. Qh8 Kd7 20. Rh7 Qf8 21. c3 a5
22. Bc2 Rxh7 23. Qxh7 Qh6 24. Qxh6 Nxh6 25. Nf4 Rg8 26. Ngh3 Nf7 27. Kf2 c5 28.
dxc5 Nxe5 29. Ng5 b4 30. cxb4 axb4 31. Nfxe6 N5c6 32. Ba4 Ra8 33. Bxc6+ Bxc6
34. a3 Bb5 35. Nd4 Bc4 36. b3 Rxa3 37. Rxa3 bxa3 38. bxc4 a2 39. Nc2 dxc4 40.
Ne4 Nd5 41. Nd2 Nb4 42. Na1 c3 43. Ndb3 Kc6 44. f4 Nd3+ 45. Ke3 Nxc5 46. Nxc5
Kxc5 47. Kd3 Kb4 48. f5 gxf5 49. gxf5 Kc5 50. Kxc3 1/2-1/2

[Event "SR 4. liga A21 2008/2009"]
[Site "?"]
[Date "2009.01.18"]
[Round "7.4"]
[White "Dubecky, Ladislav"]
[Black "Mudroch, Martin"]
[Result "1-0"]
[WhiteElo "1549"]
[BlackElo "1446"]
[PlyCount "71"]
[EventDate "2008.??.??"]

1. e4 c6 2. f4 d5 3. e5 e6 4. Nf3 Nd7 5. d4 c5 6. c3 f6 7. Bb5 a6 8. Ba4 b5 9.
Bc2 Ne7 10. O-O Nf5 11. Bxf5 exf5 12. exf6 Nxf6 13. Ne5 Bd6 14. Re1 O-O 15. Re3
Ne4 16. Qh5 Nf6 17. Qg5 Ng4 18. Qxd8 Rxd8 19. Rg3 Rf8 20. Nd2 cxd4 21. cxd4 Be6
22. Ndf3 Bc7 23. b3 Bb6 24. Bb2 Rac8 25. Ng5 Nxe5 26. Nxe6 Ng6 27. Nxf8 Kxf8
28. Rf3 Re8 29. g3 Ne7 30. Rc1 Rc8 31. Rxc8+ Nxc8 32. Ba3+ Kf7 33. Bc5 Bd8 34.
b4 Ne7 35. Ra3 Ng6 36. Rxa6 1-0

[Event "SR 4. liga A21 2008/2009"]
[Site "?"]
[Date "2009.01.18"]
[Round "7.4"]
[White "Kovarik, Oto"]
[Black "Diviak, Rastislav"]
[Result "1/2-1/2"]
[WhiteElo "2052"]
[BlackElo "2022"]
[PlyCount "32"]
[EventDate "2008.??.??"]

1. e4 c5 2. Nf3 d6 3. d4 cxd4 4. Nxd4 Nf6 5. Bd3 a6 6. O-O g6 7. c4 Bg7 8. h3
Nc6 9. Be3 Ng4 10. hxg4 Nxd4 11. Nc3 Be6 12. Rc1 O-O 13. b3 Qd7 14. Nd5 Bxd5
15. cxd5 Rfc8 16. Bc4 Nb5 1/2-1/2

[Event "SR 4. liga A21 2008/2009"]
[Site "?"]
[Date "2009.01.18"]
[Round "7.5"]
[White "Adamec, Jozef"]
[Black "Planka, Peter"]
[Result "0-1"]
[WhiteElo "1461"]
[BlackElo "1350"]
[PlyCount "58"]
[EventDate "2008.??.??"]

1. e4 e5 2. Nf3 Nc6 3. Bc4 Bc5 4. O-O Nf6 5. Nc3 O-O 6. a3 d6 7. Na4 Nxe4 8. d3
Nf6 9. Nxc5 dxc5 10. Bg5 Qd6 11. h3 e4 12. Nd2 exd3 13. Bxd3 Ne5 14. Bf4 Qd4
15. Nf3 Qxf4 16. Nxe5 Qxe5 17. c3 Be6 18. Be2 Rad8 19. Qc2 Bf5 20. f4 Qe3+ 21.
Kh1 Bxc2 22. Rae1 Qd2 23. Bf3 Rfe8 24. Rc1 Be4 25. Rcd1 Qxf4 26. Rxd8 Rxd8 27.
Be2 Qg3 28. Bf3 Bxf3 29. gxf3 Rd2 0-1